Canadian Provinces by Grid - Statistics

General Stats
  • This quiz has been taken 18 times
  • The average score is 8 of 13
Answer Stats
Picture Answer % Correct
Alberta
93%
Manitoba
80%
Saskatchewan
80%
Prince Edward Island
67%
Yukon
67%
Ontario
60%
Quebec
60%
Nova Scotia
53%
New Brunswick
47%
Newfoundland and Labrador
47%
Northwest Territories
47%
Nunavut
47%
British Colombia
40%
No matching quizzes found
Score Distribution
Percent of People with Each Score
Percentile by Number Answered
Your Score History
You have not taken this quiz